[Event "FIN-ch 2019"]
[Site "Helsinki"]
[Date "2019.06.12"]
[Round "2.1"]
[White "Norri, Joose"]
[Black "Luukkonen, Tommi"]
[Result "0-1"]
[WhiteElo "2271"]
[BlackElo "2330"]
[Annotator "NA"]
[PlyCount "68"]
[EventDate "2019.06.10"]
[EventType "swiss"]
[EventCountry "FIN"]
[SourceTitle "playchess.com"]
[Source "ChessBase"]
[SourceQuality "1"]
[TimeControl "40/5400+30:1800+30"]

1. Nf3 {[%emt 0:00:00]} c5 {[%emt 0:00:00]} 2. b3 {[%emt 0:03:27]} d6 {[%emt 0:00:40]} 3. e3 {[%emt 0:11:31]} Nc6 {[%emt 0:01:15]} 4. d4 {[%emt 0:01:12]} g6 {[%emt 0:02:18]} 5. Bb2 {[%emt 0:04:02]} Bg7 {[%emt 0:00:15]} 6. Nbd2 {[%emt 0:04:59]} cxd4 {[%emt 0:02:47]} 7. exd4 {[%emt 0:01:40]} Nh6 {[%emt 0:01:15]} 8. Be2 {[%emt 0:06:42]} Nf5 {[%emt 0:00:36]} 9. c3 {[%emt 0:00:16]} d5 {[%emt 0:04:33]} 10. O-O {[%emt 0:01:52]} O-O {[%emt 0:00:07]} 11. Qc2 {[%emt 0:03:59]} a5 {[%emt 0:03:08]} 12. Rfe1 {[%emt 0:02:48]} f6 {[%emt 0:04:27]} 13. c4 {[%emt 0:08:44]} dxc4 {[%emt 0:03:22]} 14. Qxc4+ {[%emt 0:06:55]} Kh8 {[%emt 0:00:43]} 15. a3 {[%emt 0:01:31]} e5 {[%emt 0:04:45]} 16. dxe5 {[%emt 0:01:54]} fxe5 {[%emt 0:00:09]} 17. Rad1 {[%emt 0:06:04]} Qb6 {[%emt 0:01:04]} 18. Ng5 {[%emt 0:08:47]} Ncd4 {[%emt 0:10:23]} 19. Bxd4 {[%emt 0:01:57]} Nxd4 {[%emt 0:09:00]} 20. Ndf3 {[%emt 0:01:48]} Qf6 {[%emt 0:03:31]} 21. Nxd4 {[%emt 0:03:46]} exd4 {[%emt 0:03:57]} 22. Ne4 {[%emt 0:02:28]} Qe7 {[%emt 0:07:05]} 23. Bf3 {[%emt 0:01:45]} Qd8 {[%emt 0:03:57]} 24. Ng3 {[%emt 0:05:44]} Ra6 {[%emt 0:01:09]} 25. Rd3 {[%emt 0:02:08]} Qd6 {[%emt 0:04:49]} 26. b4 {[%emt 0:01:33]} axb4 {[%emt 0:00:24]} 27. axb4 {[%emt 0:01:18]} Ra4 {[%emt 0:01:13]} 28. Qc5 {[%emt 0:01:53]} Qxc5 {[%emt 0:00:24]} 29. bxc5 {[%emt 0:00:00]} Rc4 {[%emt 0:00:16]} 30. Ne4 {[%emt 0:01:03]} Bf5 {[%emt 0:02:45]} 31. g4 {[%emt 0:01:19]} Bd7 {[%emt 0:02:03]} 32. Kg2 {[%emt 0:01:50]} Bc6 {[%emt 0:01:51]} 33. Nd6 {[%emt 0:00:33]} Rxc5 {[%emt 0:01:48]} 34. Nxb7 {[%emt 0:00:17]} Rxf3 {[%emt 0:00:25]} 0-1

[Event "FIN-ch 2019"]
[Site "Helsinki"]
[Date "2019.06.12"]
[Round "2.2"]
[White "Keinanen, Toivo"]
[Black "Nyysti, Sampsa"]
[Result "1-0"]
[WhiteElo "2370"]
[BlackElo "2320"]
[Annotator "NA"]
[PlyCount "127"]
[EventDate "2019.06.10"]
[EventType "swiss"]
[EventCountry "FIN"]
[SourceTitle "playchess.com"]
[Source "ChessBase"]
[SourceQuality "1"]
[TimeControl "40/5400+30:1800+30"]

1. d4 {[%emt 0:00:00]} Nf6 {[%emt 0:00:00]} 2. c4 {[%emt 0:00:00]} e6 {[%emt 0:00:00]} 3. g3 {[%emt 0:00:00]} d5 {[%emt 0:00:15]} 4. Nf3 {[%emt 0:00:00]} Be7 {[%emt 0:00:07]} 5. Bg2 {[%emt 0:00:03]} O-O {[%emt 0:00:07]} 6. Nc3 {[%emt 0:00:01]} dxc4 {[%emt 0:01:15]} 7. Ne5 {[%emt 0:00:04]} Nc6 {[%emt 0:03:49]} 8. Bxc6 bxc6 {[%emt 0:00:02]} 9. Nxc6 {[%emt 0:00:47]} Qe8 {[%emt 0:00:13]} 10. Nxe7+ Qxe7 {[%emt 0:00:05]} 11. Qa4 {[%emt 0:00:08]} c5 {[%emt 0:17:23]} 12. Qxc4 {[%emt 0:00:20]} Bb7 {[%emt 0:01:16]} 13. O-O {[%emt 0:02:40]} cxd4 {[%emt 0:06:54]} 14. Qxd4 {[%emt 0:00:38]} e5 {[%emt 0:00:51]} 15. Qh4 {[%emt 0:02:16]} Qe6 {[%emt 0:04:48]} 16. e4 {[%emt 0:19:19]} Nd7 {[%emt 0:20:37]} 17. Be3 {[%emt 0:06:02]} f5 {[%emt 0:02:11]} 18. Rad1 {[%emt 0:11:00]} Nf6 {[%emt 0:06:05]} 19. f3 {[%emt 0:24:07]} fxe4 {[%emt 0:01:43]} 20. fxe4 {[%emt 0:00:42]} h6 {[%emt 0:06:37]} 21. Rf5 {[%emt 0:05:15]} g6 {[%emt 0:21:29]} 22. Rff1 {[%emt 0:05:32]} h5 {[%emt 0:00:23]} 23. Bc5 {[%emt 0:09:35]} Ng4 {[%emt 0:01:05]} 24. Rxf8+ {[%emt 0:07:17]} Rxf8 {[%emt 0:00:03]} 25. Rd8 {[%emt 0:00:04]} Re8 {[%emt 0:01:31]} 26. Rxe8+ {[%emt 0:01:41]} Qxe8 {[%emt 0:00:01]} 27. h3 {[%emt 0:00:03]} Nh6 {[%emt 0:03:47]} 28. Qf6 {[%emt 0:00:01]} a6 {[%emt 0:00:40]} 29. Bd6 {[%emt 0:01:46]} Qf7 {[%emt 0:00:35]} 30. Bxe5 {[%emt 0:01:54]} Qxf6 {[%emt 0:00:03]} 31. Bxf6 {[%emt 0:00:02]} Kf8 {[%emt 0:00:54]} 32. Kf2 {[%emt 0:01:34]} Bc8 {[%emt 0:00:09]} 33. Kg2 {[%emt 0:00:11]} Ke8 {[%emt 0:00:24]} 34. Nd5 {[%emt 0:01:06]} Bb7 {[%emt 0:00:46]} 35. Kf3 {[%emt 0:00:56]} Kd7 {[%emt 0:00:40]} 36. Kf4 {[%emt 0:02:11]} Nf7 {[%emt 0:00:24]} 37. Nc3 {[%emt 0:00:39]} Ke6 {[%emt 0:00:22]} 38. Bg5 {[%emt 0:00:29]} Kd6 {[%emt 0:00:32]} 39. h4 {[%emt 0:00:19]} Ne5 {[%emt 0:00:51]} 40. b3 {[%emt 0:00:20]} Ke6 {[%emt 0:00:31]} 41. Ke3 {[%emt 0:30:35]} Nd7 {[%emt 0:04:58]} 42. Kd4 {[%emt 0:00:00]} Bc6 {[%emt 0:00:31]} 43. Ne2 {[%emt 0:00:00]} Bb7 {[%emt 0:00:40]} 44. Nf4+ {[%emt 0:00:00]} Kf7 {[%emt 0:00:05]} 45. Nd3 {[%emt 0:00:00]} Ke6 {[%emt 0:00:16]} 46. Bc1 {[%emt 0:00:00]} Kf6 {[%emt 0:01:03]} 47. Bb2 {[%emt 0:00:00]} Ke6 {[%emt 0:00:09]} 48. Bc3 {[%emt 0:00:00]} Kf7 {[%emt 0:02:09]} 49. Bb4 {[%emt 0:00:00]} Ke6 {[%emt 0:02:15]} 50. Nf4+ {[%emt 0:00:00]} Kf6 {[%emt 0:00:19]} 51. Bd6 {[%emt 0:00:00]} Ba8 {[%emt 0:01:04]} 52. Bc7 {[%emt 0:00:00]} Bb7 {[%emt 0:00:19]} 53. Bd8+ {[%emt 0:00:00]} Kf7 {[%emt 0:00:04]} 54. Bg5 {[%emt 0:00:00]} Ba8 {[%emt 0:00:23]} 55. a4 {[%emt 0:00:00]} Bb7 {[%emt 0:00:09]} 56. e5 {[%emt 0:00:00]} Nf8 {[%emt 0:00:12]} 57. Kc5 {[%emt 0:00:00]} Ne6+ {[%emt 0:00:44]} 58. Kb6 {[%emt 0:00:00]} Bc8 {[%emt 0:00:14]} 59. Nxe6 {[%emt 0:00:00]} Kxe6 {[%emt 0:00:09]} 60. Bf4 {[%emt 0:01:21]} Kd7 {[%emt 0:07:29]} 61. b4 {[%emt 0:00:53]} Kd8 {[%emt 0:00:15]} 62. a5 {[%emt 0:01:09]} Kd7 {[%emt 0:00:09]} 63. b5 {[%emt 0:01:05]} axb5 {[%emt 0:00:07]} 64. a6 {[%emt 0:00:25]} 1-0

[Event "FIN-ch 2019"]
[Site "Helsinki"]
[Date "2019.06.12"]
[Round "2.3"]
[White "Sipila, Vilka"]
[Black "Hokkanen, Petri"]
[Result "1-0"]
[WhiteElo "2410"]
[BlackElo "2199"]
[Annotator "NA"]
[PlyCount "42"]
[EventDate "2019.06.10"]
[EventType "swiss"]
[EventCountry "FIN"]
[SourceTitle "playchess.com"]
[Source "ChessBase"]
[SourceQuality "1"]
[TimeControl "40/5400+30:1800+30"]

1. e4 {[%emt 0:01:35]} d6 {[%emt 0:00:00]} 2. d4 {[%emt 0:00:56]} Nf6 {[%emt 0:00:01]} 3. Nc3 {[%emt 0:00:06]} g6 {[%emt 0:00:05]} 4. f4 {[%emt 0:00:12]} Bg7 {[%emt 0:00:06]} 5. Nf3 {[%emt 0:00:14]} O-O {[%emt 0:00:07]} 6. Bd3 {[%emt 0:00:21]} Nc6 {[%emt 0:00:15]} 7. e5 {[%emt 0:00:40]} dxe5 8. fxe5 {[%emt 0:00:28]} Nd5 {[%emt 0:04:12]} 9. Nxd5 {[%emt 0:00:30]} Qxd5 {[%emt 0:00:30]} 10. c3 {[%emt 0:00:33]} a6 {[%emt 0:10:19]} 11. Qe2 {[%emt 0:02:11]} Rb8 {[%emt 0:05:22]} 12. O-O {[%emt 0:09:37]} b5 {[%emt 0:09:16]} 13. Be4 {[%emt 0:07:03]} Qd7 {[%emt 0:00:10]} 14. e6 {[%emt 0:00:26]} fxe6 {[%emt 0:03:49]} 15. Be3 {[%emt 0:10:44]} Bb7 {[%emt 0:05:03]} 16. Ng5 {[%emt 0:04:04]} Na5 {[%emt 0:02:55]} 17. Bd3 {[%emt 0:01:08]} Nc4 {[%emt 0:07:29]} 18. Rxf8+ {[%emt 0:09:07]} Rxf8 {[%emt 0:00:49]} 19. Nxh7 {[%emt 0:00:15]} Kxh7 {[%emt 0:04:11]} 20. Qh5+ {[%emt 0:00:44]} Kg8 {[%emt 0:00:18]} 21. Bxg6 {[%emt 0:00:12]} Rf6 {[%emt 0:09:41]} 1-0

[Event "FIN-ch 2019"]
[Site "Helsinki"]
[Date "2019.06.12"]
[Round "2.4"]
[White "Koykka, Pekka"]
[Black "Ronka, Erik"]
[Result "1-0"]
[WhiteElo "2399"]
[BlackElo "2270"]
[Annotator "NA"]
[PlyCount "79"]
[EventDate "2019.06.10"]
[EventType "swiss"]
[EventCountry "FIN"]
[SourceTitle "playchess.com"]
[Source "ChessBase"]
[SourceQuality "1"]
[TimeControl "40/5400+30:1800+30"]

1. e4 {[%emt 1:30:30]} c6 2. d4 d5 3. exd5 cxd5 4. Bd3 Nc6 5. c3 Qc7 6. h3 g6 7. Nf3 Nf6 8. Qc2 Bg7 9. O-O O-O 10. Re1 Bd7 11. Bg5 e6 12. Nbd2 Rfc8 13. Qc1 Be8 {[%emt 1:36:30]} 14. Nf1 {[%emt 0:06:30]} Na5 {[%emt 0:00:30]} 15. N1h2 {[%emt 0:00:30]} Nc4 {[%emt 0:00:30]} 16. Bxf6 {[%emt 0:00:30]} Bxf6 {[%emt 0:00:30]} 17. g4 {[%emt 0:00:30]} b5 {[%emt 0:00:30]} 18. g5 {[%emt 0:00:30]} Bg7 {[%emt 0:00:30]} 19. Ng4 {[%emt 0:00:30]} b4 {[%emt 0:00:30]} 20. Bxc4 {[%emt 0:00:30]} dxc4 {[%emt 0:00:30]} 21. Nfe5 {[%emt 0:00:30]} bxc3 {[%emt 0:00:30]} 22. bxc3 {[%emt 0:00:30]} Qe7 {[%emt 0:00:30]} 23. Qf4 {[%emt 0:00:30]} Bc6 {[%emt 0:00:30]} 24. Rab1 {[%emt 0:00:30]} Bd5 {[%emt 0:00:30]} 25. Rb5 {[%emt 0:00:30]} Bc6 {[%emt 0:00:30]} 26. Rb4 {[%emt 0:00:30]} a5 {[%emt 0:00:30]} 27. Rb6 {[%emt 0:00:30]} Ba4 {[%emt 0:00:30]} 28. Nf6+ {[%emt 0:00:30]} Kh8 {[%emt 0:00:30]} 29. Reb1 {[%emt 0:00:30]} Ra7 {[%emt 0:00:30]} 30. Rb8 {[%emt 0:00:30]} Rac7 {[%emt 0:00:30]} 31. R1b2 {[%emt 0:00:30]} h6 {[%emt 0:00:30]} 32. h4 {[%emt 0:00:30]} h5 {[%emt 0:00:30]} 33. Qf3 {[%emt 0:00:30]} Qd8 {[%emt 0:00:30]} 34. R8b7 {[%emt 0:00:30]} Bxf6 {[%emt 0:00:30]} 35. gxf6 {[%emt 0:00:30]} Qf8 {[%emt 0:00:30]} 36. Rxc7 {[%emt 0:00:30]} Rxc7 {[%emt 0:00:30]} 37. Qf4 {[%emt 0:00:30]} Kh7 {[%emt 0:00:30]} 38. Nxg6 {[%emt 0:00:30]} Qa3 {[%emt 0:00:30]} 39. Qxc7 {[%emt 0:00:30]} Kxg6 {[%emt 0:00:30]} 40. Qg3+ {[%emt 0:00:30]} 1-0

[Event "FIN-ch 2019"]
[Site "Helsinki"]
[Date "2019.06.12"]
[Round "2.5"]
[White "Heinola, Vesa"]
[Black "Jarvenpaa, Jari"]
[Result "0-1"]
[WhiteElo "2263"]
[BlackElo "2204"]
[Annotator "NA"]
[PlyCount "95"]
[EventDate "2019.06.10"]
[EventType "swiss"]
[EventCountry "FIN"]
[SourceTitle "playchess.com"]
[Source "ChessBase"]
[SourceQuality "1"]
[TimeControl "40/5400+30:1800+30"]

1. d4 {[%emt 0:01:20]} d5 {[%emt 0:00:00]} 2. c4 {[%emt 0:00:13]} dxc4 {[%emt 0:00:00]} 3. e3 {[%emt 0:00:04]} c5 {[%emt 0:00:11]} 4. Bxc4 {[%emt 0:01:03]} cxd4 {[%emt 0:00:12]} 5. exd4 {[%emt 0:00:32]} Qc7 {[%emt 0:00:09]} 6. Bb3 {[%emt 0:02:21]} Bg4 {[%emt 0:00:47]} 7. f3 {[%emt 0:01:45]} Bd7 {[%emt 0:00:01]} 8. Nc3 {[%emt 0:00:33]} e6 {[%emt 0:01:35]} 9. Nge2 {[%emt 0:05:32]} Nf6 {[%emt 0:01:50]} 10. Bg5 {[%emt 0:10:49]} Be7 {[%emt 0:05:35]} 11. Rc1 {[%emt 0:00:26]} Qa5 {[%emt 0:10:07]} 12. Bd2 {[%emt 0:00:46]} Qd8 {[%emt 0:01:56]} 13. O-O {[%emt 0:02:36]} Bc6 {[%emt 0:00:59]} 14. Be3 {[%emt 0:02:26]} O-O {[%emt 0:02:09]} 15. Nf4 {[%emt 0:00:30]} Bd6 {[%emt 0:11:10]} 16. Ne4 {[%emt 0:09:48]} Bxf4 {[%emt 0:17:31]} 17. Bxf4 {[%emt 0:00:10]} Nxe4 {[%emt 0:00:54]} 18. fxe4 {[%emt 0:00:06]} Bxe4 {[%emt 0:00:47]} 19. Bc7 {[%emt 0:08:31]} Qd7 {[%emt 0:03:54]} 20. Rf4 {[%emt 0:06:35]} Nc6 {[%emt 0:04:39]} 21. Rxe4 {[%emt 0:44:24]} Qxc7 {[%emt 0:00:03]} 22. Qh5 {[%emt 0:00:00]} Rad8 {[%emt 0:09:01]} 23. Rg4 {[%emt 0:00:00]} g6 {[%emt 0:09:52]} 24. Qh6 {[%emt 0:00:00]} Rfe8 {[%emt 0:04:20]} 25. Rh4 {[%emt 0:00:00]} f5 {[%emt 0:03:05]} 26. Qe3 {[%emt 0:00:00]} Qe7 {[%emt 0:02:06]} 27. Rf4 {[%emt 0:00:00]} Kh8 {[%emt 0:02:18]} 28. Ba4 {[%emt 0:00:00]} Qd6 {[%emt 0:01:28]} 29. Bxc6 {[%emt 0:00:00]} bxc6 {[%emt 0:00:01]} 30. h4 {[%emt 0:00:00]} Kg8 {[%emt 0:01:39]} 31. Rc5 {[%emt 0:00:00]} Kf7 {[%emt 0:07:11]} 32. Ra5 {[%emt 0:00:18]} Re7 {[%emt 0:00:00]} 33. Ra6 {[%emt 0:00:51]} Rdd7 {[%emt 0:00:00]} 34. Qf3 {[%emt 0:00:51]} Rc7 {[%emt 0:00:00]} 35. Ra5 {[%emt 0:01:18]} c5 {[%emt 0:00:00]} 36. Qg3 {[%emt 0:00:51]} Qb6 {[%emt 0:00:56]} 37. Rxc5 {[%emt 0:00:45]} Rxc5 {[%emt 0:00:17]} 38. dxc5 {[%emt 0:00:05]} Qxc5+ {[%emt 0:00:09]} 39. Kh2 {[%emt 0:00:09]} Rd7 {[%emt 0:01:12]} 40. Rf1 {[%emt 0:02:12]} Qc4 {[%emt 0:00:54]} 41. Rf4 {[%emt 0:31:13]} Qxa2 {[%emt 0:04:24]} 42. Qc3 {[%emt 0:00:00]} Qd5 {[%emt 0:01:32]} 43. Qh8 {[%emt 0:00:00]} Qd6 {[%emt 0:09:02]} 44. Qxh7+ {[%emt 0:00:00]} Kf8 {[%emt 0:02:50]} 45. Qh6+ {[%emt 0:00:00]} Rg7 {[%emt 0:00:48]} 46. Qh8+ {[%emt 0:00:00]} Kf7 {[%emt 0:01:00]} 47. Qh6 {[%emt 0:00:00]} g5 {[%emt 0:01:28]} 48. Qh5+ {[%emt 0:00:00]} 0-1

[Event "FIN-ch 2019"]
[Site "Helsinki"]
[Date "2019.06.12"]
[Round "2.6"]
[White "Lindholm, Jere"]
[Black "Agopov, Mikael"]
[Result "0-1"]
[WhiteElo "2145"]
[BlackElo "2432"]
[Annotator "NA"]
[PlyCount "64"]
[EventDate "2019.06.10"]
[EventType "swiss"]
[EventCountry "FIN"]
[SourceTitle "playchess.com"]
[Source "ChessBase"]
[SourceQuality "1"]
[TimeControl "40/5400+30:1800+30"]

1. e4 {[%emt 1:30:30]} c6 2. d4 d5 3. e5 Bf5 4. Nf3 e6 5. Be2 Nd7 6. O-O Ne7 7. Nbd2 h6 8. Nb3 g5 9. Ne1 Qc7 10. Nd3 Ng6 11. Be3 O-O-O 12. g3 f6 13. exf6 Nxf6 14. Nbc5 Bd6 15. a4 Nf4 16. gxf4 {[%emt 0:07:30]} gxf4 {[%emt 1:38:00]} 17. Bd2 {[%emt 0:00:30]} Rhg8+ {[%emt 0:00:30]} 18. Kh1 {[%emt 0:00:30]} Ne4 {[%emt 0:00:30]} 19. f3 {[%emt 0:00:30]} Qg7 {[%emt 0:00:30]} 20. Rg1 {[%emt 0:00:30]} Qxg1+ {[%emt 0:00:30]} 21. Qxg1 {[%emt 0:00:30]} Rxg1+ {[%emt 0:00:30]} 22. Rxg1 {[%emt 0:00:30]} Nxd2 {[%emt 0:00:30]} 23. b3 {[%emt 0:00:30]} b6 {[%emt 0:00:30]} 24. Rd1 {[%emt 0:00:30]} bxc5 {[%emt 0:00:30]} 25. dxc5 {[%emt 0:00:30]} Bxd3 {[%emt 0:00:30]} 26. Bxd3 {[%emt 0:00:30]} Nxf3 {[%emt 0:00:30]} 27. cxd6 {[%emt 0:00:30]} Ne5 {[%emt 0:00:30]} 28. Re1 {[%emt 0:00:30]} Nxd3 {[%emt 0:00:30]} 29. cxd3 {[%emt 0:00:30]} Kd7 {[%emt 0:00:30]} 30. Kg2 {[%emt 0:00:30]} Kxd6 {[%emt 0:00:30]} 31. d4 {[%emt 0:00:30]} Rb8 {[%emt 0:00:30]} 32. Rb1 {[%emt 0:00:30]} Rb4 {[%emt 0:00:30]} 0-1

[Event "FIN-ch 2019"]
[Site "Helsinki"]
[Date "2019.06.12"]
[Round "2.7"]
[White "Lahdelma, Henri"]
[Black "Ristoja, Samu"]
[Result "1-0"]
[WhiteElo "2188"]
[BlackElo "2197"]
[Annotator "NA"]
[PlyCount "105"]
[EventDate "2019.06.10"]
[EventType "swiss"]
[EventCountry "FIN"]
[SourceTitle "playchess.com"]
[Source "ChessBase"]
[SourceQuality "1"]
[TimeControl "40/5400+30:1800+30"]

1. d4 g6 2. e4 Bg7 3. Nf3 c6 4. Nc3 d5 5. h3 dxe4 6. Nxe4 Nd7 7. Bc4 Ngf6 8. Ng3 O-O 9. O-O Qc7 10. Qe2 e6 11. c3 b5 12. Bb3 a5 13. Ne4 {[%emt 1:36:30]} Nd5 {[%emt 1:36:30]} 14. Re1 {[%emt 0:00:30]} a4 {[%emt 0:00:30]} 15. Bc2 {[%emt 0:00:30]} Ba6 {[%emt 0:00:30]} 16. Bg5 {[%emt 0:00:30]} h6 {[%emt 0:00:30]} 17. Bd2 {[%emt 0:00:30]} Rfe8 {[%emt 0:00:30]} 18. b4 {[%emt 0:00:30]} axb3 {[%emt 0:00:30]} 19. axb3 {[%emt 0:00:30]} c5 {[%emt 0:00:30]} 20. Bd3 {[%emt 0:00:30]} c4 {[%emt 0:00:30]} 21. bxc4 {[%emt 0:00:30]} bxc4 {[%emt 0:00:30]} 22. Bc2 {[%emt 0:00:30]} Bb7 {[%emt 0:00:30]} 23. Ba4 {[%emt 0:00:30]} Bc6 {[%emt 0:00:30]} 24. Bxc6 {[%emt 0:00:30]} Qxc6 {[%emt 0:00:30]} 25. Rxa8 {[%emt 0:00:30]} Rxa8 {[%emt 0:00:30]} 26. Qd1 {[%emt 0:00:30]} Ra3 {[%emt 0:00:30]} 27. Qc1 {[%emt 0:00:30]} Rb3 {[%emt 0:00:30]} 28. Bxh6 {[%emt 0:00:30]} Bh8 {[%emt 0:00:30]} 29. Nfd2 {[%emt 0:00:30]} Rb8 {[%emt 0:00:30]} 30. h4 {[%emt 0:00:30]} N7f6 {[%emt 0:00:30]} 31. Nxf6+ {[%emt 0:00:30]} Nxf6 {[%emt 0:00:30]} 32. Qa3 {[%emt 0:00:30]} Nd5 {[%emt 0:00:30]} 33. Ne4 {[%emt 0:00:30]} Ra8 {[%emt 0:00:30]} 34. Qc1 {[%emt 0:00:30]} Ne7 {[%emt 0:00:30]} 35. Qg5 {[%emt 0:00:30]} Nf5 {[%emt 0:00:30]} 36. h5 {[%emt 0:00:30]} Kh7 {[%emt 0:00:30]} 37. hxg6+ {[%emt 0:00:30]} fxg6 {[%emt 0:00:30]} 38. Nf6+ {[%emt 0:00:30]} Bxf6 {[%emt 0:00:30]} 39. Qxf6 {[%emt 0:00:30]} Nxh6 {[%emt 0:00:30]} 40. Qe7+ {[%emt 0:00:30]} Kh8 {[%emt 0:00:30]} 41. Rxe6 {[%emt 0:30:30]} Ng4 {[%emt 0:30:30]} 42. Qh4+ {[%emt 0:00:30]} Kg7 {[%emt 0:00:30]} 43. Qxg4 {[%emt 0:00:30]} Ra1+ {[%emt 0:00:30]} 44. Kh2 {[%emt 0:00:30]} Qc7+ {[%emt 0:00:30]} 45. Qg3 {[%emt 0:00:30]} Qxg3+ {[%emt 0:00:30]} 46. Kxg3 {[%emt 0:00:30]} Rc1 {[%emt 0:00:30]} 47. Re3 {[%emt 0:00:30]} Rc2 {[%emt 0:00:30]} 48. Kf3 {[%emt 0:00:30]} g5 {[%emt 0:00:30]} 49. g3 {[%emt 0:00:30]} Kg6 {[%emt 0:00:30]} 50. Ke4 {[%emt 0:00:30]} Rxf2 {[%emt 0:00:30]} 51. Kd5 {[%emt 0:00:30]} Kf5 {[%emt 0:00:30]} 52. Kxc4 {[%emt 0:00:30]} Kg4 {[%emt 0:00:30]} 53. d5 {[%emt 0:00:30]} 1-0

[Event "FIN-ch 2019"]
[Site "Helsinki"]
[Date "2019.06.13"]
[Round "4.1"]
[White "Keinanen, Toivo"]
[Black "Koykka, Pekka"]
[Result "1-0"]
[WhiteElo "2370"]
[BlackElo "2399"]
[Annotator "TA"]
[PlyCount "86"]
[EventDate "2019.06.10"]
[EventType "swiss"]
[EventCountry "FIN"]
[SourceTitle "playchess.com"]
[Source "ChessBase"]
[SourceQuality "1"]

{[%evp 9,86,0,19,14,12,12,59,58,98,22,57,53,74,74,70,61,60,59,63,48,58,51,60,77,81,77,71,50,76,53,64,54,51,20,42,45,31,0,55,46,54,56,137,127,213,227,296,298,300,300,289,287,283,270,266,279,286,289,263,200,200,189,523,512,495,490,563,556,573,556,730,705,633,469,682,640,812,605,592]} 1. c4 g6 2. g3 Bg7 3. Bg2 c5 4. Nc3 Nc6 5. b3 b6 (5... e6 6. Ba3 Qa5 7. Bb2 Nge7 8. h4 h6 9. Qb1 O-O 10. Ne4 f5 11. Bxg7 Kxg7 12. Qb2+ e5 13. Nd6 Qc7 14. Nxc8 Raxc8 {½-½ (44) Ding,L (2805)-Topalov,V (2740) Abidjan 2019}) 6. e3 {A36: Symmetrical English vs ...g6: 4 Bg2 Bg7} Bb7 7. Nge2 Qc8 8. O-O {White is slightly better.} Ne5 $146 ({Predecessor:} 8... Nb4 9. d4 Bxg2 10. Kxg2 Nf6 11. Bb2 cxd4 12. Nxd4 O-O {½-½ (42) Burschowsky,M (2191)-Manakov,I (2376) Austria 2018}) 9. e4 (9. d4 $1 $16 Nf3+ 10. Kh1) 9... Nd3 10. Ba3 h5 11. Qb1 Ne5 12. Bb2 d6 13. Nd5 {Threatens to win with f4.} Nf6 14. f4 Ned7 15. Qd3 Nxd5 16. Bxg7 Nb4 17. Qf3 Rh7 18. Bc3 h4 19. a3 Nc6 20. g4 e5 21. Bh3 Qd8 22. d3 Qe7 23. f5 Qf6 ({Black should try} 23... Nd4 $11 24. Nxd4 exd4) 24. fxg6 Qxg6 25. Bd2 Nf8 (25... Nd4 $14 26. Nxd4 exd4) 26. g5 $16 {And now Bf5 would win.} Ne6 (26... Qg8 $16 {keeps fighting.} 27. Rf2 Bc8 28. Bxc8 Rxc8) 27. Bf5 $1 $18 {[%cal Rf5g6]} Ncd4 28. Nxd4 (28. Bxg6 Nxf3+ 29. Rxf3 fxg6 $16) 28... Nxd4 {[#]} 29. Qg2 $1 ({Not} 29. Bxg6 Nxf3+ 30. Rxf3 fxg6 $16) 29... h3 30. Bxg6 ({Weaker is} 30. Bxh3 Qg7 $16) 30... hxg2 31. Bxh7 gxf1=Q+ 32. Rxf1 Nxb3 {[#]} 33. Be3 $1 Ke7 34. h4 {Black must now prevent h5.} Nd4 35. Bxd4 Rh8 $2 (35... cxd4 {is tougher.} 36. h5 Bc8) 36. g6 {White is clearly winning.} fxg6 37. Bxg6 Rxh4 38. Rf7+ Ke6 39. Rxb7 exd4 40. Bf5+ Ke5 41. Rg7 b5 (41... Kf4 $142 42. Rxa7 Rh8) 42. cxb5 d5 43. Rd7 dxe4 {Accuracy: White = 74%, Black = 46%.} 1-0

[Event "FIN-ch 2019"]
[Site "Helsinki"]
[Date "2019.06.13"]
[Round "4.2"]
[White "Sipila, Vilka"]
[Black "Luukkonen, Tommi"]
[Result "1-0"]
[WhiteElo "2410"]
[BlackElo "2330"]
[Annotator "NA"]
[PlyCount "63"]
[EventDate "2019.06.10"]
[EventType "swiss"]
[EventCountry "FIN"]
[SourceTitle "playchess.com"]
[Source "ChessBase"]
[SourceQuality "1"]
[TimeControl "40/5400+30:1800+30"]

1. e4 {[%emt 0:01:32]} d6 {[%emt 0:00:00]} 2. d4 {[%emt 0:00:45]} Nf6 {[%emt 0:00:00]} 3. Nc3 {[%emt 0:00:10]} g6 {[%emt 0:00:00]} 4. f4 {[%emt 0:00:51]} Bg7 {[%emt 0:00:00]} 5. Nf3 {[%emt 0:00:29]} O-O {[%emt 0:00:00]} 6. Bd3 {[%emt 0:00:18]} Nc6 {[%emt 0:00:02]} 7. e5 {[%emt 0:00:25]} dxe5 {[%emt 0:00:05]} 8. fxe5 {[%emt 0:00:20]} Nh5 {[%emt 0:00:05]} 9. Be3 {[%emt 0:00:12]} Bg4 {[%emt 0:00:05]} 10. Be2 {[%emt 0:00:15]} f6 {[%emt 0:00:04]} 11. exf6 {[%emt 0:00:25]} exf6 {[%emt 0:00:07]} 12. d5 {[%emt 0:00:22]} Qe7 {[%emt 0:11:33]} 13. Qd2 {[%emt 0:00:25]} Rad8 {[%emt 0:03:32]} 14. O-O-O {[%emt 0:00:20]} Rfe8 {[%emt 0:02:10]} 15. Bf2 {[%emt 0:00:15]} Qf8 {[%emt 0:02:06]} 16. Kb1 {[%emt 0:01:52]} Bh6 {[%emt 0:01:30]} 17. Qe1 {[%emt 0:05:35]} Nb4 {[%emt 0:15:03]} 18. Qg1 {[%emt 0:14:02]} Nxc2 {[%emt 0:09:00]} 19. Kxc2 {[%emt 0:05:04]} Rxe2+ {[%emt 0:03:54]} 20. Nxe2 {[%emt 0:00:16]} Bf5+ {[%emt 0:01:33]} 21. Kb3 {[%emt 0:00:40]} Qf7 {[%emt 0:05:19]} 22. Nc3 {[%emt 0:00:39]} b5 {[%emt 0:02:30]} 23. g4 {[%emt 0:06:11]} b4 {[%emt 0:05:54]} 24. gxf5 {[%emt 0:02:18]} bxc3 {[%emt 0:00:04]} 25. Kxc3 {[%emt 0:00:29]} Nf4 {[%emt 0:00:46]} 26. Kc2 {[%emt 0:00:49]} Nxd5 {[%emt 0:07:58]} 27. Kb1 {[%emt 0:04:05]} Re8 {[%emt 0:07:45]} 28. fxg6 {[%emt 0:11:45]} Nc3+ 29. bxc3 {[%emt 0:01:14]} Qc4 {[%emt 0:03:04]} 30. gxh7+ {[%emt 0:00:30]} Kf7 {[%emt 0:00:15]} 31. Rd7+ {[%emt 0:00:36]} Ke6 {[%emt 0:00:04]} 32. Qg8+ {[%emt 0:00:12]} 1-0